| 000 | 00656nam a2200181 4500 | ||
|---|---|---|---|
| 001 | 111367 | ||
| 003 | ES-MaACL | ||
| 005 | 20230906185305.0 | ||
| 007 | t| | ||
| 008 | 061121s1959 sp r ||||1| spa d | ||
| 100 | 1 |
_aOlivares y Bruguera, Luis _cConde de Artaza. _986777 |
|
| 245 | 1 | 0 |
_aCacerías en el alto Himalaya por el Conde de Artaza / _cLuis Olivares y Bruguera ; prólogo de Antonio Botín Polanco ; ilustraciones de Juan Giraldez. |
| 260 |
_aMadrid : _b[s.n.], _c1959 ( _fGráf. Solana) |
||
| 300 |
_a372 p. ; _c28 cm. |
||
| 700 | 1 |
_aBotín Polanco, Antonio. _930786 |
|
| 700 | 1 |
_aGiraldez, Juan. _957190 |
|
| 852 |
_aES-MaACL _jC-16413 _bR.44482 |
||
| 999 |
_c111367 _d111367 |
||